Telecommunications in Central and Eastern Europe : (Rekord nr 1355)
| 000 -LEADER | |
|---|---|
| fixed length control field | 00420 a2200109 4500 |
| 020 ## - INTERNATIONAL STANDARD BOOK NUMBER | |
| International Standard Book Number | 1858220424 |
| 100 1# - MAIN ENTRY--PERSONAL NAME | |
| Personal name | Cranston, Richard. |
| Relator term | Autor |
| 245 0# - TITLE STATEMENT | |
| Title | Telecommunications in Central and Eastern Europe : |
| Remainder of title | Vol.3: Czech Republic , Slovakia, Hungary and Poland / |
| Statement of responsibility, etc | Cranston Richard. |
| 260 ## - PUBLICATION, DISTRIBUTION, ETC. (IMPRINT) | |
| Place of publication, distribution, etc | Chichester, West Sussex : |
| Name of publisher, distributor, etc | MDIS, |
| Date of publication, distribution, etc | 1994. |
| 300 ## - PHYSICAL DESCRIPTION | |
| Extent | 101 s.; |
| Dimensions | 30 cm. |
| 710 2# - ADDED ENTRY--CORPORATE NAME | |
| Corporate name or jurisdiction name as entry element | MDIS Publications Limited. |
| Relator term | Wydawca |
| Relator code | pbl |
| 920 ## - | |
| -- | 1-85822-042-4 |
Brak dostępnych egzemplarzy.